Ritratto a tinte forti /
Saved in:
| Main Authors: | , |
|---|---|
| Andre forfattere: | |
| Format: | Bog |
| Sprog: | italiensk |
| Udgivet: |
Milano :
CDE,
1991
|
| Fag: | |
| Tags: |
Ingen Tags, Vær først til at tagge denne postø!
|
MARC
| LEADER | 00000nam a22000007i 4500 | ||
|---|---|---|---|
| 001 | IT\ICCU\MOD\0204913 | ||
| 003 | ItRI | ||
| 005 | 20241227123316.0 | ||
| 008 | 010330s1991 it |||||| ||||| |||||c | ||
| 040 | |b ita |c ARCIGAY RIMINI | ||
| 041 | 7 | |a ita |2 ISO-639-2 | |
| 100 | 1 | |a Corso, Carla |0 IT\ICCU\CFIV\104032 |4 aut | |
| 240 | 1 | 0 | |a Ritratto a tinte forti |9 Corso, Carla |
| 245 | 1 | 0 | |a Ritratto a tinte forti / |c Carla Corso, Sandra Landi ; prefazione di Dacia Maraini ; introduzione di Sandra Landi. |
| 260 | |a Milano : |b CDE, |c 1991 | ||
| 300 | |a 295 p. ; |c 22 cm. | ||
| 650 | 7 | |a Prostituzione |x Italia | |
| 700 | 1 | |a Landi, Sandra |0 IT\ICCU\CFIV\096406 |4 aut | |
| 700 | 1 | |a Maraini, Dacia |0 IT\ICCU\CFIV\016486 | |
| 752 | |a it |d Milano | ||
| 942 | |2 ddc |c BK | ||
| 952 | |0 0 |1 0 |2 ddc |4 0 |6 853_914000000000000_COR_RIT |7 1 |9 2421 |a RN |b RN |d 2024-12-27 |l 0 |o 853.914 COR RIT |p 9874 |r 2024-12-27 12:33:37 |w 2024-12-27 |y BK | ||
| 981 | 1 | |6 z01 |a i |b xxxe | |
| 982 | 1 | |6 z01 |a n | |
| 999 | |c 2114 |d 2114 | ||